000 00511nam a2200229Ia 4500
008 210210b1966 xxu||||| |||| 00| 0 eng d
041 _aeng
082 _a825/699
100 _aRAJAN (B)
245 _aMakers of literary criticism Vol I
260 _aBombay
_bAsia Publishing House
_c1966
440 _aI
650 _aVol
650 _aof
650 _aMakers
650 _aliterary
650 _aI
650 _acriticism
690 _aEnglish Criticism
700 _aGEORGE
906 _a015015
999 _c134251
_d134251